History Quiz

Random History Quiz
Score 0/9 Timer 03:00
0 Plays Today
Hint Answer % Correct
Political PartyWhig
85.2%
Birth StateVirginia
83.3%
Year Elected1848
83.3%
Year Died1850
83.3%
Vice PresidentMillard Fillmore
77.8%
Year Born1784
75.9%
Presidential Ordinal12th
75.9%
Previous JobMajor General of the US Army
68.5%
First LadyMargaret Smith
37%
Remove Ads.
Support Sporcle.
Get the best of Sporcle when you Go Orange. This ad-free experience offers more features, more stats, and more fun while also helping to support Sporcle. Thank you for becoming a member.

You're not logged in!

Compare scores with friends on all Sporcle quizzes.
OR
Log In

Show Comments

Extras

Created Dec 31, 2014SourceReportNominate
Tags:Zachary Taylor

Top Quizzes Today


Score Distribution

Your Account Isn't Verified!

In order to create a playlist on Sporcle, you need to verify the email address you used during registration. Go to your Sporcle Settings to finish the process.

Report this User

Report this user for behavior that violates our Community Guidelines.

Details: